effecet of wheat bran on growth rate of broiler at royal university of agriculture (ឥទ្ធិពលនៃការប្រើប្រាស់កន្ទក់ស្រូវសាឡី ទៅលើការលូតលាស់របស់មាន់សាច់ នៅស្ថានីយចិញ្ចឹមសាត្វនៃសាកលវិទ្យាល័យភូមិន្ទកសិកម្ម) (Record no. 1906)
[ view plain ]
| 000 -LEADER | |
|---|---|
| fixed length control field | 00793nam a22001577a 4500 |
| 003 - CONTROL NUMBER IDENTIFIER | |
| control field | OSt |
| 005 - DATE AND TIME OF LATEST TRANSACTION | |
| control field | 20151005090044.0 |
| 008 - FIXED-LENGTH DATA ELEMENTS--GENERAL INFORMATION | |
| fixed length control field | 151005b xxu||||| |||| 00| 0 eng d |
| 040 ## - CATALOGING SOURCE | |
| Transcribing agency | RUA |
| 082 ## - DEWEY DECIMAL CLASSIFICATION NUMBER | |
| Classification number | AVM CHE 2004 B074 Or.1 |
| 100 ## - MAIN ENTRY--PERSONAL NAME | |
| 9 (RLIN) | 2018 |
| Personal name | CHENG, THEARITH. |
| 245 ## - TITLE STATEMENT | |
| Title | effecet of wheat bran on growth rate of broiler at royal university of agriculture (ឥទ្ធិពលនៃការប្រើប្រាស់កន្ទក់ស្រូវសាឡី ទៅលើការលូតលាស់របស់មាន់សាច់ នៅស្ថានីយចិញ្ចឹមសាត្វនៃសាកលវិទ្យាល័យភូមិន្ទកសិកម្ម) |
| 260 ## - PUBLICATION, DISTRIBUTION, ETC. (IMPRINT) | |
| Place of publication, distribution, etc. | Phnom Penh |
| Name of publisher, distributor, etc. | RUA |
| Date of publication, distribution, etc. | 2004 |
| 300 ## - PHYSICAL DESCRIPTION | |
| Extent | ix, 34p. |
| Other physical details | ill. |
| Dimensions | 29cm. |
| 942 ## - ADDED ENTRY ELEMENTS (KOHA) | |
| Source of classification or shelving scheme | |
| Koha item type | AVM |
| Price effective from | Date last seen | Permanent Location | Not for loan | Date acquired | Source of classification or shelving scheme | Koha item type | Lost status | Withdrawn status | Date last checked out | Total Checkouts | Shelving location | Damaged status | Barcode | Current Location | Full call number |
|---|---|---|---|---|---|---|---|---|---|---|---|---|---|---|---|
| 2015-10-05 | 2015-10-05 | Library Block B | 2015-10-05 | AVM | B074 | RUA009270 | Library Block B | AVM CHE 2004 B074 Or.1 | |||||||
| 2015-10-05 | 2023-07-28 | Library Block B | 2015-10-05 | AVM | 2023-06-12 | 2 | B074 | RUA009198 | Library Block B | AVM CHE 2004 B074 Or.2 | |||||
| 2015-10-05 | 2015-10-05 | Library Block B | 2015-10-05 | AVM | B074 | RUA009109 | Library Block B | AVM CHE 2004 B074 Or.3 | |||||||
| 2015-10-05 | 2015-10-05 | Library Block B | 2015-10-05 | AVM | B074 | RUA009181 | Library Block B | AVM CHE 2004 B074 Or.4 | |||||||
| 2015-10-05 | 2024-08-02 | Library Block B | 2015-10-05 | AVM | 2024-07-29 | 3 | B074 | RUA009253 | Library Block B | AVM CHE 2004 B074 Or.5 |